| Поле | Инд. | ПП | Название | Значение |
|---|---|---|---|---|
| Тип записи | a | |||
| Библиографический уровень | m | |||
| 001 | Контрольный номер | 004564536 | ||
| 005 | Дата корректировки | 20150513113625.6 | ||
| 008 | Кодируемые данные | 100111s2009 y zzzz 000 1 rusdu | ||
| 020 | a | ISBN | 978-5-9963-0201-7 | |
| 040 | d | Организация, изменившая запись | RuMo | |
| e | Правила каталог. | rcr | ||
| a | Служба первич. каталог. | НБ ТвГУ | ||
| 041 | a | Код языка текста | rus | |
| h | Код языка оригинала | eng | ||
| 080 | a | Индекс УДК | 544.3 | |
| 084 | a | Индекс другой классификации/Индекс ББК | Г531 | |
| 090 | a | Полочн. индекс | Г531 | |
| x | Авторский знак | П 75 | ||
| 100 | 1_ | a | Автор | Пригожин Илья Романович |
| d | Дата | 1917-2003 | ||
| q | Полное имя | Пригожин И. Р. | ||
| 245 | a | Заглавие | Химическая термодинамика | |
| c | Ответственность | пер. с англ. М. М. Андрушевича [и др.] ; под ред. В. А. Михайлова | ||
| 250 | a | Основные сведения об издании | 2-е изд. | |
| 260 | a | Место издания | Москва | |
| b | Издательство | Бином. Лаборатория знаний | ||
| c | Дата издания | 2009 | ||
| 300 | a | Объем | 533 с. | |
| b | Иллюстрации/ тип воспроизводства | ил., табл. | ||
| c | Размеры | 24 см | ||
| 440 | 2 | 0 | ||
| a | Серия | Классика и современность | ||
| 440 | _0 | 2 | 0 | |
| a | Серия | Естествознание | ||
| 500 | a | Примечание | Указ. | |
| 504 | a | Библиография | Библиогр.: с. 475-476 (50 назв.) и в подстроч. примеч. | |
| 504 | a | Библиография | Имен. указ.: с. 518-521. - Предм. указ.: с. 522-533 | |
| 520 | a | Аннотация | В фундаментальном научном издании, написанном всемирно известными учеными, последовательно развивается на основе метода де Донде подход к химической реакции как к термодинамически необратимому процессу. Изложение принципов классической термодинамики, сделанное мастерски просто и понятно, расширено на реальные системы. Рассмотрены теории термодинамической устойчивости, теоремы модерации, молекулярная теория растворов, безразличные состояния, что выгодно отличает эту книгу от других углубленных руководств. Хотя 1-е русское издание вышло давно (1966 г.), эта книга до сих пор остается одной из лучших по термодинамике и ее можно рекомендовать студентам и аспирантам для первоначального ознакомления с предметом. | |
| Д | ля студентов и аспирантов университетов и других вузов, преподавателей, научных работников. | |||
| 653 | a | Ключевые слова | Термодинамика | |
| a | Ключевые слова | Физическая химия | ||
| a | Ключевые слова | Химическая термодинамика | ||
| a | Ключевые слова | Химическая физика | ||
| a | Ключевые слова | Химия | ||
| 700 | 1_ | a | Другие авторы | Дефэй Р. |
| 920 | a | Оператор | Стру | |
| 952 | c | Вид литературы | К рн | |
| 954 | a | Дата поступления на обработку | 20100825 |